000 01162cam a2200133 4500500
005 20260322012128.0
041 _afre
042 _adc
100 1 0 _aOnfray, Michel
_eauthor
245 0 0 _aForce au peuple : Puissance & décadence II
260 _bPlon,
_c2024.
520 _aAprès Puissance et décadence, publié chez Bouquins en 2022, Michel Onfray dénonce dans ce nouveau livre les errements de notre époque et de ses dirigeants, en exaltant les vertus du peuple et la vitalité des nations contre les systèmes libéraux et supranationaux. Dans ce livre de philosophie, manuel de résistance à toutes les dérives morales, sociales et intellectuelles d’aujourd’hui, Michel Onfray poursuit son combat contre les méfaits de la réification qui consistent à traiter l’être humain comme un objet ou une conception abstraite. Il s’en prend à la tyrannie des minorités, s’inquiète des risques de «guerre civile à bas bruit» à force d’éloignement et d’incompréhension entre les élites gouvernantes et le peuple.
856 4 1 _uhttps://shs.cairn.info/force-au-peuple--9782259319942?lang=fr&redirect-ssocas=7080
999 _c1770294
_d1770294